000 00319nam a22001217a 4500
041 _aENG
100 _aDehadrai.P.V
245 _aQuestion Papers Twelfth Agricultural Research Service Examination 1994
260 _aDelhi
_bICAR
_c1994
300 _a617
650 _aCompetitlve Exam
856 _uCompetitlve Exam ( 36 )
999 _c920
_d920